Knižní grafika Václava Maška

Bibliographic Details
Main Author: Diviš, Vladimír (Author)
Format: Book
Language:English
PhysicalDescription:20 s.
Published: Praha Obolos 1965

MARC

LEADER 00000nam a2200000 a 4500
001 vtls008700087
003 SK-MaSNL
005 20260301080100.0
008 240315 000 0 eng
040 |a SNK  |b slo  |c SNK  |e AACR2 
100 1 |a Diviš, Vladimír  |4 aut  |9 401189 
245 1 |a Knižní grafika Václava Maška 
260 |a Praha  |b Obolos  |c 1965 
300 |a 20 s. 
999 |c 652147  |d 654077 
952 |a SNK  |b SNK  |y VYP  |7 0  |p 17A0507380  |o snkOIC 2497  |i snkK 801/82  |3 rekatalogizácia  |0 0  |1 0  |4 0  |d 2006-05-13  |l 0  |r 2026-02-23 18:25:35  |w 2026-02-23